| 000 | 00615nam a2200169 i 4500 | ||
|---|---|---|---|
| 001 | 157157 | ||
| 003 | ES-MaACL | ||
| 005 | 20230906210612.0 | ||
| 008 | 040809s1860 fr |||| | fre d | ||
| 040 |
_aCAM _bspa _cCAM |
||
| 100 | 1 |
_aLarroue, Patrice. _9128709 |
|
| 245 | 1 | 0 |
_aDel'esclavage chez les nations chretiennes / _cpar Patrice Larroque. |
| 260 |
_aParis : _bLibrairie étrangére de Bohné et Schultz ; _aBruxelles : _bFr. van Meenen et Cie. ; _aLeipsick : _bAlphonse Durr, _c1860. |
||
| 300 |
_a212 p. ; _c18 cm. |
||
| 650 | 4 |
_aEsclavitud- _xHistoria. _912361 |
|
| 852 |
_aES-MaACL _jG-9902 _z-- Enc. hol. |
||
| 999 |
_c157157 _d157157 |
||